RuPaul’s Drag Race Queen’s by Iconic Quote - Statistics

General Stats
  • This quiz has been taken 141 times
  • The average score is 13 of 20
Answer Stats
Hint Answer % Correct
“It was Rigga Morris, girl.” Alyssa Edwards
98%
“Not today Satan. Not today.” Bianca del Rio
87%
“Do I have something on my face?” Pearl
79%
“You’re perfect, you’re beautiful, you look like Linda Evangelista.” Aja
75%
“I’m not joking bitch!” Coco Montrese
75%
“I don’t jump guns. I am the boom boom gun.” Gia Gunn
75%
“I don’t have a Sugar Daddy…” Shangela
75%
“Fuck my drag, right?” Kennedy Davenport
69%
“Come on Tellytubby, teleport us to Mars!” Tammie Brown
69%
“That was a choice.” Tatianna
69%
“I FEEL VERY ATTACKED!” Laganja Estranja
67%
“Mama kudos for saying that. For spilling.” Plane Jane
66%
“The 5 G’s, please. Good God Girl Get a Grip.” Latrice Royale
57%
“They got me gal.” Ginger Minj
55%
“I didn’t go to f***ing school for maths.” Katya Zamolodchikova
53%
“This is not RuPaul’s best friends race!” Lashauwn Beyond
46%
“I’m not gagging.” Rajah O’Hara
46%
“That’s a lot of emotion for safe.” Trixie Mattel
46%
“Not a soul can clock.” Monica Beverly Hillz
45%
“Life’s not fair.” Naomi Smalls
42%
No matching quizzes found
Score Distribution
Percent of People with Each Score
Percentile by Number Answered
Your Score History
You have not taken this quiz